<?xml version="1.0" encoding="utf-8"?>
<?xml-stylesheet type='text/xsl' href='./oai2.xsl'?>
<OAI-PMH xmlns="http://www.openarchives.org/OAI/2.0/" xmlns:xsi="http://www.w3.org/2001/XMLSchema-instance" xsi:schemaLocation="http://www.openarchives.org/OAI/2.0/ http://www.openarchives.org/OAI/2.0/OAI-PMH.xsd">
  <responseDate>2026-06-06T12:01:19Z</responseDate>
  <request verb="GetRecord" metadataPrefix="marcxml" identifier="record_kuniweb_31756">https://kulturerbe.niedersachsen.de/oai</request>
  <GetRecord>
    <record>
      <header>
        <identifier>record_kuniweb_31756</identifier>
        <datestamp>2016-07-25T06:49:11Z</datestamp>
        <setSpec>slg0108</setSpec>
      </header>
      <metadata>
        <marc:record xmlns:marc="http://www.loc.gov/MARC21/slim" xsi:schemaLocation="http://www.loc.gov/MARC21/slim http://www.loc.gov/standards/marcxml/schema/MARC21slim.xsd">
          <marc:leader>12345nrm  22     uu 4500</marc:leader>
          <marc:controlfield tag="001">31756</marc:controlfield>
          <marc:controlfield tag="003">http://kuniweb.gbv.de</marc:controlfield>
          <marc:controlfield tag="005">2016-07-18T17:25:54</marc:controlfield>
          <marc:controlfield tag="008">|           ||||||||||||||||||||||</marc:controlfield>
          <marc:datafield tag="245" ind1="1" ind2="0">
            <marc:subfield code="a">Zunftpokal</marc:subfield>
          </marc:datafield>
          <marc:datafield tag="655" ind1=" " ind2="7">
            <marc:subfield code="a">Alltagskultur</marc:subfield>
          </marc:datafield>
          <marc:datafield tag="046" ind1=" " ind2=" ">
            <marc:subfield code="k">1701</marc:subfield>
            <marc:subfield code="k">frühes 18. Jhd., 1807 Sturzbecher</marc:subfield>
            <marc:subfield code="l">1807</marc:subfield>
          </marc:datafield>
          <marc:datafield tag="260" ind1=" " ind2=" ">
            <marc:subfield code="g">1701</marc:subfield>
            <marc:subfield code="g">1807</marc:subfield>
            <marc:subfield code="g">frühes 18. Jhd., 1807 Sturzbecher</marc:subfield>
          </marc:datafield>
          <marc:datafield tag="300" ind1=" " ind2=" ">
            <marc:subfield code="a">Durchmesser: 23 cm (unten Bauch mit Apllikationen)
Höhe: 19 cm (Bauch mit Hals 2. Teil)
Höhe: 17 cm (Bauch mit Hals 1. Teil)
Durchmesser: 8 cm (Sturzbecher Kopf)
Durchmesser: 14 cm (Sturzbecher Boden)
Durchmesser: 21 cm (oben Bauch mit Applikationen)
Höhe: 7 cm (Fuß)
Durchmesser: 20,5 cm (Unterteil Boden)
Höhe: 43 cm (Unterteil)
Höhe: 17 cm (Sturzbecher)</marc:subfield>
          </marc:datafield>
          <marc:datafield tag="520" ind1=" " ind2=" ">
            <marc:subfield code="a">aus drei gedrehten Einzelteilen montiertes Gefäß,
gedrehter Standfuß, zwei Kugelvasen mit Hals und als Deckel Sturzbecher in weiblicher Figurenform datiert 1807, späteres Produktionsdatum als Gefäßkörper (sichtbar an Engobe- und Glasurausführung) ;
Applikationen aus Modeln, auf dem Fuß Akanthusblätter, auf erstem Bauch alternierend Löwenköpfe und Akanthusblättern, Halszone frei, auf zweitem Bauch mittig Zunftwappen (Blockscheibe mit Blumenvase und Drehschienen an Seiten) im Wechsel dazu Löwenköpfe und Eichenblätter mit Blüte, Sturzbecher mit Applikationen von gegenständigen Engelpoträts, Marienfiguren mit Kind und Brombeeren, Monogramm "CBM", Haare in Kammstrich;
roter Fredelsloher Ton, engobiert in weiß mit grüner und brauner Engobenbemalung, transparente Bleiglasur, Irdenware (KERAMIK.UM - Ausstellungs- und Aktionshaus Fredelsloh)

Inschrift:
1807 (auf Rückseite des Sturzbechers)

Verwendungszweck:
Trinkpokal</marc:subfield>
          </marc:datafield>
          <marc:datafield tag="650" ind1="1" ind2=" ">
            <marc:subfield code="a">Zunftgerät (Töpfer)</marc:subfield>
          </marc:datafield>
          <marc:datafield tag="773" ind1="0" ind2=" ">
            <marc:subfield code="t">Fredelsloher Sammlung</marc:subfield>
          </marc:datafield>
          <marc:datafield tag="852" ind1=" " ind2=" ">
            <marc:subfield code="a">KERAMIK.UM</marc:subfield>
          </marc:datafield>
          <marc:datafield tag="852" ind1=" " ind2=" ">
            <marc:subfield code="a">Fredelsloh</marc:subfield>
          </marc:datafield>
          <marc:datafield tag="" ind1=" " ind2=" ">
            <marc:subfield code="a">Namensnennung - Weitergabe unter gleichen Bedingungen 4.0 International (CC BY-SA 4.0)</marc:subfield>
          </marc:datafield>
        </marc:record>
      </metadata>
    </record>
  </GetRecord>
</OAI-PMH>
